| 000 -LEADER |
| fixed length control field |
01343nam a2200277Ia 4500 |
| 001 - CONTROL NUMBER |
| control field |
23618 |
| 003 - CONTROL NUMBER IDENTIFIER |
| control field |
GE_BSU |
| 008 - FIXED-LENGTH DATA ELEMENTS--GENERAL INFORMATION |
| fixed length control field |
181216s||||||||xx |||||||||||||| ||und|| |
| 020 ## - INTERNATIONAL STANDARD BOOK NUMBER |
| International Standard Book Number |
978-9941-17-263-2 |
| 040 ## - CATALOGING SOURCE |
| Transcribing agency |
GE_BSU |
| 080 ## - UNIVERSAL DECIMAL CLASSIFICATION NUMBER |
| Universal Decimal Classification number |
94(479.223-25) |
| 100 ## - MAIN ENTRY--PERSONAL NAME |
| Personal name |
სიორიძე, მალხაზ |
| 245 ## - TITLE STATEMENT |
| Title |
ნარკვევები ბათუმის ისტორიიდან. კრ. 1. |
| 245 ## - TITLE STATEMENT |
| Statement of responsibility, etc. |
რედ. დოდო ჭუმბურიძე |
| 250 ## - EDITION STATEMENT |
| Edition statement |
შოთა რუსთაველის სახელმწ. უნ-ტი, სამეცნ. ცენტრის ნიკო ბერძენიშვილის ჰუმანიტ. და სოციალ. მეცნ. მიმართულება, ისტ. განყ-ბა. |
| 260 ## - PUBLICATION, DISTRIBUTION, ETC. |
| Place of publication, distribution, etc. |
თბილისი |
| 260 ## - PUBLICATION, DISTRIBUTION, ETC. |
| Name of publisher, distributor, etc. |
უნივერსალი |
| 260 ## - PUBLICATION, DISTRIBUTION, ETC. |
| Date of publication, distribution, etc. |
2011 |
| 300 ## - PHYSICAL DESCRIPTION |
| Extent |
272 გვ. 20სმ. |
| 300 ## - PHYSICAL DESCRIPTION |
| Accompanying material |
ბიბლიოგრ. ტექსტ. შენიშვნ. და თავების ბოლოს. |
| 520 ## - SUMMARY, ETC. |
| Summary, etc. |
რეზიუმე ინგლ. ენ. |
| 653 ## - INDEX TERM--UNCONTROLLED |
| Uncontrolled term |
ბათუმის ისტორია |
| 653 ## - INDEX TERM--UNCONTROLLED |
| Uncontrolled term |
ნარკვევები ბათუმის ისტორიიდან. კრ. 1. |
| 942 ## - ADDED ENTRY ELEMENTS (KOHA) |
| Koha item type |
წიგნი |